| 000 | 00840nam a22002057a 4500 | ||
|---|---|---|---|
| 999 |
_c164699 _d164699 |
||
| 005 | 20190524144919.0 | ||
| 010 | _aB-140678 | ||
| 020 | _c150.00 | ||
| 035 | _aB-140678 | ||
| 037 | _bDBAD/PUB | ||
| 082 |
_a618 _bHindi book |
||
| 100 | _aरिख, विजय | ||
| 245 |
_aस्त्री रोग एवम् प्रसूति विज्ञान/ _cविजय रिख |
||
| 260 |
_aदिल्ली _bWorld Book Co. _c2005 |
||
| 270 |
_aChawri Bazar,post box -1300 _bDelhi _e110006 |
||
| 300 |
_aviii,348p. _bसचित्र _c18सेमी.(सजिल्द) |
||
| 700 | _aकाली चरण द्वारा संपादित | ||
| 942 |
_2ddc _cHN _e2005 _h618 _mरिखवि |
||